|
|
|
|
| LEADER |
00808cam a2200241 7i4500 |
| 001 |
0000069213 |
| 005 |
20220621090000.0 |
| 020 |
|
|
|a 9781108740555 (paperback)
|
| 090 |
0 |
0 |
|a BP163
|b .P57 2019
|
| 100 |
1 |
|
|a Piscatori, James P
|
| 245 |
1 |
0 |
|a Islam beyond borders :
|b the umma in world politics
|c James Piscatori, Amin Saikal.
|
| 264 |
|
|
|a Cambridge, United Kingdom:
|b Cambridge University Press,
|c 2019.
|
| 300 |
|
|
|a ix, 217 pages;
|c 24 cm.
|
| 336 |
|
|
|a text
|2 rdacontent
|
| 337 |
|
|
|a unmediated
|2 rdamedia
|
| 338 |
|
|
|a volume
|2 rdacarrier
|
| 610 |
2 |
|
|a IS (Organization)
|
| 650 |
|
0 |
|a Ummah (Islam)
|
| 650 |
|
0 |
|a Islam and politics
|
| 700 |
1 |
|
|a Saikal, Amin
|
| 997 |
|
|
|a Selangor Business School
|
| 998 |
|
|
|a Business Administration, Master
|
| 999 |
|
|
|a SBS0001208
|b BOK
|c OPEN SHELF
|e 1st Floor, Bestari Jaya
|